Normal view
MARC view
- UNITED STATES- POLITICS AND GOVERNMENT-2001-SOURCES, UNITED STATES-FOREIGN RELATIONS-2001- SOURECES, WAR ON TERRORISM, 2001 SOURCES, SPEECHES ADDRESSES, ETC
Entry Topical Term
001 - CONTROL NUMBER
- control field: 73385
003 - CONTROL NUMBER IDENTIFIER
- control field: NUST
005 - DATE AND TIME OF LATEST TRANSACTION
- control field: 20210628205018.0
008 - FIXED-LENGTH DATA ELEMENTS
- fixed length control field: 210628|| aca||aabn | a|a d
040 ## - CATALOGING SOURCE
- Original cataloging agency: NUST
- Transcribing agency: NUST
150 ## - HEADING--TOPICAL TERM
- Topical term or geographic name entry element: UNITED STATES- POLITICS AND GOVERNMENT-2001-SOURCES, UNITED STATES-FOREIGN RELATIONS-2001- SOURECES, WAR ON TERRORISM, 2001 SOURCES, SPEECHES ADDRESSES, ETC
670 ## - SOURCE DATA FOUND
- Source citation: Work cat.: (NUST): Noona, Peggy 73384, We Will Prevail, President George W.Bush On War Terrorism, And Freedom, 2003
